000 00550nam a22001937a 4500
003 KOHA_MİRAKIL
005 20251116163510.0
008 251116b tu ||||| |||| 00| 0 tur d
020 _a9786053422631
040 _aTR-AnABB
_btur
_cTR-AnABB
041 _atur
082 _a813.42
_bERC 2019
100 1 _aErcilasun, Ahmet Bican,
245 1 0 _aTürk'ün kayıp kitabı /
_cAhmet Bican Ercilasun
260 _aAnkara :
_bAkçağ Yayınevi,
_c2019
300 _a263 sayfa ;
_c20 cm
650 0 4 _aTürk edebiyatı, roman
942 _2ddc
_cBK
999 _c9454
_d9454
900 _bGizem YORULMAZ